Firenze e le sue bellezze : guida practica con circa 300 illustrazioni a nero e a colori e una pianta monumentale della città /

Uloženo v:
Podrobná bibliografie
Hlavní autor: Orienti, Sandra (autor)
Médium: Kniha
Jazyk:italština
Témata:
Tagy: Přidat tag
Žádné tagy, Buďte první, kdo vytvoří štítek k tomuto záznamu!

MARC

LEADER 00000nam^a2200000^a^4500
001 000357703
005 20250521000000.0
009 20260310115307.05
037 |a Acervo Xavier Clavigero 
041 |a ITA 
082 |a 914. 504  |b ORI 
100 |a Orienti, Sandra  |e (autor) 
245 1 0 |a Firenze e le sue bellezze :  |b guida practica con circa 300 illustrazioni a nero e a colori e una pianta monumentale della città /  |c S. Orienti. 
246 2 |a Título en la cubierta: Firenze e le sue bellezze 
264 |a Florencia, Italia :  |b Ramella,  |c fecha no identificada 
300 |a 227 p. 
336 |a texto  |b txt  |2 rdacontenido 
337 |a sin mediación  |b n  |2 rdamedio 
338 |a volumen  |b nc  |2 rdasoporte 
649 |a XX 
650 |a Guías Turísticas 
650 |a Arte Renacentista -  |z Florencia, Italia -  |x Historia y Crítica 
650 |a Arte Renacentista -  |z Italia -  |x Historia y Crítica 
650 |a Arte Italiano -  |x Historia y Crítica 
650 |a Florencia, Italia -  |x Descripción -  |x Guías Turísticas -  |x Tema Principal 
650 |a Italia -  |x Descripción 
650 |a Turismo -  |z Florencia, Italia 
650 |a Turismo -  |z Italia 
910 |a Fondo General 
920 |a Impresos - Libros 
930 |a Obras de Referencia 
905 |a 102 
901 |a 065958  |b IT2  |c REF  |u 20250521 
902 |a https://opac.biblio.iteso.mx/vufind/Record/000357703